| 000 | 00380nam a2200133Ia 4500 | ||
|---|---|---|---|
| 005 | 20260328104317.0 | ||
| 008 | 260328s9999||||xx |||||||||||||| ||und|| | ||
| 100 | _aMinguet, Anna | ||
| 245 | 4 |
_aThe Modern TownHouse : _b Original solutions & Unusual locations in the City / _cAnna Minguet |
|
| 260 | _bMonsa | ||
| 300 | _a134 p. | ||
| 650 | _aARQUITECTURA- DOMÉSTICA | ||
| 942 | _cBK | ||
| 999 |
_c11213 _d11213 |
||